=LDR 00000nam 2200000 4500 =001 NUTBA000000000004084 =005 20181026094749 =035 ##$$a 0010-091400000000117 =008 181026###########################0###### =082 ##$$a 813 =090 ##$$a 813 $b tan s =100 ##$$a Tantrini Adang =245 1#$$a sahabat rahasia /$c Tantrini Adang =260 ##$$a Yogyakarta :$b andi,$c 2011 =300 ##$$a 160 hlm ; $c 18 cm. =850 ##$$a NBPBMAT =020 ##$$a 978-979-29-2659-0 =084 ##$$a 813 Tan s =990 ##$$a 0001/BPAP-NTB/20142014 =990 ##$$a 0001/BPAP-NTB/20142014 =990 ##$$a 2135042 =990 ##$$a 21305042 =990 ##$$a 0001/BPAP-NTB/20142014 =990 ##$$a 0001/BPAP-NTB/20142014